Loading...
| Beliefs | 10 | 18.00 | 100% | 70% | 10% |
| Current Events | 3 | 23.33 | 100% | 100% | 33% |
| Fine Arts - Auditory Fine Arts | 7 | 28.57 | 100% | 86% | 100% |
| Fine Arts - Visual Fine Arts | 8 | 22.50 | 100% | 63% | 63% |
| Geography | 2 | 15.00 | 100% | 50% | 0% |
| History - American History | 3 | 16.67 | 100% | 67% | 0% |
| History - European History | 6 | 18.33 | 100% | 83% | 0% |
| History - World History | 7 | 21.43 | 100% | 71% | 43% |
| Literature - American Literature | 7 | 21.43 | 100% | 86% | 29% |
| Literature - British Literature | 6 | 21.67 | 83% | 100% | 33% |
| Literature - European Literature | 6 | 26.67 | 100% | 100% | 67% |
| Literature - World Literature | 1 | 20.00 | 100% | 0% | 100% |
| Other Academic | 2 | 15.00 | 100% | 50% | 0% |
| Other Arts: Auditory | 2 | 25.00 | 100% | 100% | 50% |
| Other Arts: Visual | 2 | 15.00 | 100% | 50% | 0% |
| Other Science: Computer Science | 2 | 15.00 | 100% | 50% | 0% |
| Other Science: Earth Science | 2 | 20.00 | 100% | 100% | 0% |
| Other Science: Math | 1 | 30.00 | 100% | 100% | 100% |
| Philosophy | 6 | 20.00 | 100% | 100% | 0% |
| Science - Biology | 5 | 22.00 | 80% | 80% | 60% |
| Science - Chemistry | 6 | 23.33 | 100% | 83% | 50% |
| Science - Physics | 6 | 13.33 | 83% | 33% | 17% |
| Social Science | 6 | 21.67 | 100% | 83% | 33% |
| 15 | 20.67 | 100% | 87% | 20% |